00793cam a22002411 4500001001300000003000400013005001700017008004100034010001700075035002000092040004900112050002200161082001100183110004900194245006600243260002000309300002100329490002600350500006000376650002900436810006900465999001700534e 47000006 DLC20260227111233.0880404s1946 miu s000 0 eng c ae 47000006  a(OCoLC)17730568 aU.S. Office of Education. LibrarycMiDWdDLC00aL162b.B3 no. 344 a370.191 aMichigan.bDepartment of Public Instruction.10aUnderstanding others,ba handbook on intercultural education. aLansing,c1946. av, 34 p.c23 cm.1 aIts Bulletinvno. 344 a"Sources of help on intercultural education": p. 31-34. 0aMulticultural education.1 aMichigan.bDepartment of Public Instruction.tBulletinvno. 344. c22055d22055